Listening links: student's book

保存先:
書誌詳細
主要な著者: Geddes, Marion (著者), Sturtridge, Gill (著者)
フォーマット: 図書
言語:英語
出版事項: Londres Heinemann Educational Books 1979
主題:
タグ: タグ追加
タグなし, このレコードへの初めてのタグを付けませんか!

MARC

LEADER 00000cam a2200000 a 4500
001 UCG9765
003 CL-VaPUC
008 120330e19790000UK |||||||||||||||||eng|d
020 |a 0435280511 
082 0 4 |a 428  |b GED  |2 21 
100 0 |a Geddes, Marion  |e author  |9 561439 
700 0 |a Sturtridge, Gill  |e author  |9 561440 
245 1 0 |a Listening links: student's book 
300 |a 41 p 
942 |c BK 
945 |d 20120330 00:00:00  |a dcastane 
260 |a Londres  |b Heinemann Educational Books  |c 1979 
650 0 |a Educación lingüística  |9 306506 
650 0 |a Enseñanza del inglés  |9 367340 
650 0 |a Lengua inglesa  |9 318842 
650 0 |a Métodos de enseñanza  |9 270413 
583 |a last modification  |c 20120622 09:48:43  |k Rodrigo Vera 
999 |c 347308  |d 347306 
952 |0 0  |1 0  |4 0  |6 428_000000000000000_GED_1979  |7 0  |8 A  |9 448563  |a BIBEDU  |b BIBEDU  |d 2019-11-22  |i 4841980  |o 428 GED 1979  |p 4841980  |r 2019-11-22  |w 2019-11-22  |y BK  |k LIT